000 00860nam a2200265Ia 4500
003 OSt
005 20220930072620.0
006 a|||||r|||| 00| 0
007 ta
008 220926b |||||||| |||| 00| 0 eng d
024 _a24649
037 _cTheses
040 _aCRL
_cCRL
_beng
041 _2eng
_aeng
100 _aBansal Vishal
_9530130
110 _aUniversity of Delhi. Faculty of Medical Sciences. Department of Physiology
245 0 _aComparison of bronchodilator effect of inhaled salbutamol and ipratropium bromide in normal subjects
260 _c1997
300 _a65p.
_ap.
_ccm.
650 _aPHYSIOLOGY
700 _a Dr A K Jain Supervisor
_9530131
700 _aUniversity of Delhi. Faculty of Medical Sciences. Department of Physiology
942 _cDIS
_2CC
999 _c864106
_d864106